Handbook of Research on Mergers and Acquisitions. (Record no. 1797)

MARC details
005 - DATE AND TIME OF LATEST TRANSACTION
control field 20250430072823.0
020 ## - INTERNATIONAL STANDARD BOOK NUMBER
International Standard Book Number 978 1 84844 956 5
082 ## - DEWEY DECIMAL CLASSIFICATION NUMBER
Classification number 658. 162 WEB
245 ## - TITLE STATEMENT
Title Handbook of Research on Mergers and Acquisitions.
250 ## - EDITION STATEMENT
Edition statement 5th Ed.
260 ## - PUBLICATION, DISTRIBUTION, ETC.
Place of publication, distribution, etc. Cheltenham,
Name of publisher, distributor, etc. Edward Elgal publishing Limited,
Date of publication, distribution, etc. 2012.
300 ## - PHYSICAL DESCRIPTION
Extent xix, 322p.:Ill.;table
Other physical details Index
Dimensions 24cm
700 ## - ADDED ENTRY--PERSONAL NAME
Other authors/Editors WEBER, Y.
942 ## - ADDED ENTRY ELEMENTS (KOHA)
Source of classification or shelving scheme Dewey Decimal Classification
Koha item type Books
Holdings
Date last seen Total checkouts Full call number Barcode Cost, replacement price Price effective from Koha item type Lost status Source of classification or shelving scheme Damaged status Not for loan Withdrawn status Home library Current library Shelving location Date acquired Cost, normal purchase price
04/30/2025   658. 162 WEB 0000007024 90000.00 04/30/2025 Books   Dewey Decimal Classification       College of Business Education Main Library College of Business Education Main Library General Collection 07/08/2016 30000.00
04/30/2025   658. 162 WEB 0000007025 90000.00 04/30/2025 Books   Dewey Decimal Classification       College of Business Education Main Library College of Business Education Main Library General Collection 07/08/2016 30000.00
04/30/2025   658. 162 WEB 0000007026 90000.00 04/30/2025 Books   Dewey Decimal Classification       College of Business Education Main Library College of Business Education Main Library General Collection 07/08/2016 30000.00